000 00848nam a2200265Ia 4500
003 OSt
005 20220928125450.0
006 a|||||r|||| 00| 0
007 ta
008 220927b |||||||| |||| 00| 0 eng d
020 _c599
024 _a120867
037 _b985, 24/12/2013, Bookwell Publications
_cTextual
040 _aSDCL
_cSDCL
_beng
041 _2eng
_aeng
082 _aV2'P, Q2
100 _aBhagwati Jagdish
_9445547
245 0 _aIndia's tryst with destiny
_b Debunking myths that undermine progress and addressing new challenges
260 _aNoida
_bCollins Business
_c2012
300 _axvii;284p.
_ccm.
650 _aReference
700 _a Panagariya Arvind
942 _hV2'P, Q2
_cTEXL
_2CC
999 _c782369
_d782369